América latina y el caribe: (Registro nro. 12831)
[ vista simple ]
| 000 -LEADER | |
|---|---|
| fixed length control field | 01040nam a2200229Ia 4500 |
| 003 - CONTROL NUMBER IDENTIFIER | |
| control field | OSt |
| 005 - DATE AND TIME OF LATEST TRANSACTION | |
| control field | 20211207074638.0 |
| 008 - FIXED-LENGTH DATA ELEMENTS--GENERAL INFORMATION | |
| fixed length control field | 210310s1990 cl ad gr 000 0 spa d |
| 040 ## - CATALOGING SOURCE | |
| Original cataloging agency | CO-JMCR |
| Transcribing agency | CO-JMCR |
| 041 0# - LANGUAGE CODE | |
| Language code of text/sound track or separate title | spa |
| 082 04 - DEWEY DECIMAL CLASSIFICATION NUMBER | |
| Classification number | 336.3435098 / |
| Item number | C733a |
| Edition number | 23 |
| 110 2# - MAIN ENTRY--CORPORATE NAME | |
| Corporate name or jurisdiction name as entry element | Comisión Económica para América Latina y el Caribe |
| Relator term | autor |
| 9 (RLIN) | 3019 |
| 245 10 - TITLE STATEMENT | |
| Title | América latina y el caribe: |
| Remainder of title | opciones para reducir el peso de la deuda / |
| Statement of responsibility, etc. | Comisión Económica para América Latina y el Caribe |
| 260 ## - PUBLICATION, DISTRIBUTION, ETC. | |
| Place of publication, distribution, etc. | Santiago, Chile : |
| Name of publisher, distributor, etc. | Naciones Unidas, |
| Date of publication, distribution, etc. | 1990. |
| 300 ## - PHYSICAL DESCRIPTION | |
| Extent | 118 páginas : |
| Other physical details | ilustraciones y gráficas a color ; |
| Dimensions | 26 cm. |
| 501 ## - WITH NOTE | |
| With note | Con: notas a pie de página. |
| 505 ## - FORMATTED CONTENTS NOTE | |
| Formatted contents note | Síntesis y conclusiones. -- Una visión general de la naturaleza del problema de la deuda. -- Un enfoque de concertación. -- Hacia el éxito del plan Brady. |
| 650 14 - SUBJECT ADDED ENTRY--TOPICAL TERM | |
| Topical term or geographic name entry element | Endeudamiento |
| Geographic subdivision | América Latina |
| 9 (RLIN) | 29338 |
| 650 24 - SUBJECT ADDED ENTRY--TOPICAL TERM | |
| Topical term or geographic name entry element | Problema de la deuda |
| Geographic subdivision | América Latina |
| 9 (RLIN) | 41749 |
| 650 24 - SUBJECT ADDED ENTRY--TOPICAL TERM | |
| Topical term or geographic name entry element | Solución del problema |
| Geographic subdivision | América Latina |
| 9 (RLIN) | 41750 |
| 942 ## - ADDED ENTRY ELEMENTS (KOHA) | |
| Source of classification or shelving scheme | Dewey Decimal Classification |
| Koha item type | Books |
| Withdrawn status | Lost status | Source of classification or shelving scheme | Damaged status | Not for loan | Home library | Current library | Shelving location | Date acquired | Source of acquisition | Full call number | Barcode | Date last seen | Copy number | Price effective from | Koha item type |
|---|---|---|---|---|---|---|---|---|---|---|---|---|---|---|---|
| Dewey Decimal Classification | Biblioteca Pública José María del Castillo y Rada | Biblioteca Pública José María del Castillo y Rada | General Stacks | 04/15/2018 | Donación | 336.3435098 / C733a | 430000124 | 01/13/2025 | Ej.1 | 03/10/2021 | Books |